|
|
|
|
| LEADER |
00000nam0a2200000 4500 |
| 001 |
293415 |
| 005 |
20231102000606.0 |
| 035 |
|
|
|a (RuTPU)RU\TPU\book\318443
|
| 090 |
|
|
|a 293415
|
| 100 |
|
|
|a 20150430d1983 k y0rusy5003 ca
|
| 101 |
0 |
|
|a rus
|
| 102 |
|
|
|a RU
|
| 105 |
|
|
|a a z 001zy
|
| 200 |
1 |
|
|a Автоматизация разработки плановых решений и управления строительством
|e сборник научных трудов
|f Научно-исследовательский институт экономики строительства (НИИЭС) ; СССР, Государственный комитет по делам строительства (Госстрой СССР)
|
| 210 |
|
|
|a Москва
|c [Б. и.]
|d 1983
|
| 215 |
|
|
|a 188 с.
|c ил.
|
| 320 |
|
|
|a Библиография в конце статей
|
| 606 |
1 |
|
|a Строительные организации
|x Управление
|x Автоматизация
|2 stltpush
|3 (RuTPU)RU\TPU\subj\57678
|9 75536
|
| 610 |
1 |
|
|a плановые решения
|
| 610 |
1 |
|
|a подрядные работы
|
| 610 |
1 |
|
|a имитационное моделирование
|
| 610 |
1 |
|
|a строительно-монтажные работы
|
| 610 |
1 |
|
|a годовой план
|
| 610 |
1 |
|
|a базы данных
|
| 675 |
|
|
|a 69:658.5.011.56
|z rus
|v 3
|
| 712 |
0 |
2 |
|a Научно-исследовательский институт экономики строительства (НИИЭС)
|2 stltpush
|3 (RuTPU)RU\TPU\col\9543
|
| 712 |
0 |
1 |
|a СССР
|b Государственный комитет по делам строительства (Госстрой СССР)
|c (1950-1991)
|2 stltpush
|3 (RuTPU)RU\TPU\col\7934
|
| 801 |
|
0 |
|a RU
|b RuMRKP
|c 19950704
|g psbo
|
| 801 |
|
1 |
|a RU
|b 63413507
|c 20150430
|
| 801 |
|
2 |
|a RU
|b 63413507
|c 20190128
|g RCR
|
| 942 |
|
|
|c BK
|